[Event "Tunja Boyacense op"]
[Site "Tunja"]
[Date "2018.12.16"]
[Round "6"]
[White "Mogollon Tobar, Nicolle Juliet"]
[Black "Pardo Ruiz, Brayan Steven"]
[Result "0-1"]
[WhiteElo "1412"]
[BlackElo "1709"]
[PlyCount "104"]
[EventDate "2018.12.13"]
[EventType "swiss"]
[EventRounds "7"]
[EventCountry "COL"]
[SourceTitle "CBM 187 Extra"]
[Source "ChessBase"]
[SourceDate "2018.11.04"]
[SourceVersion "1"]
[SourceVersionDate "2018.11.04"]
[SourceQuality "1"]

1. e4 e6 2. d4 d5 3. exd5 exd5 4. Nf3 Nf6 5. Bd3 Bd6 6. 0-0 0-0 7. Bg5 Bg4 8. Nbd2 c6 9. c3 Nbd7 10. Qc2 Qc7 11. h3 Bh5 12. Rfe1 Rfe8 13. Bxf6 Nxf6 14. Ng5 Bg6 15. Bxg6 hxg6 16. Ngf3 Rad8 17. b4 Rd7 18. Rxe8+ Nxe8 19. Nb3 b6 20. Rd1 Re7 21. Qd3 Nf6 22. a4 Ne4 23. Nfd2 Qb8 24. Nxe4 dxe4 25. Qc4 Qe8 26. Nd2 Bf4 27. Nf1 Qd7 28. d5 cxd5 29. Qxd5 Qxd5 30. Rxd5 Rc7 31. g3 Bc1 32. Rd4 f5 33. Rd8+ Kf7 34. b5 Ke7 35. Rg8 Kd6 36. g4 f4 37. h4 Re7 38. Rd8+ Ke5 39. Rd1 Bb2 40. c4 Bd4 41. Nh2 Rc7 42. Rc1 f3 43. Kf1 Kf4 44. h5 gxh5 45. gxh5 Rc5 46. Ke1 Rxh5 47. Nf1 Re5 48. Rc2 e3 49. fxe3+ Bxe3 50. Nxe3 Rxe3+ 51. Kf1 Kg3 52. c5 Ra3 0-1